Gobierno formal Gobierno real: ¿qué movimiento social frente a esta contradicción? /

שמור ב:
מידע ביבליוגרפי
מחבר ראשי: Moreno, Ismael
פורמט: Texto
תגים: הוספת תג
אין תגיות, היה/י הראשונ/ה לתייג את הרשומה!

MARC

LEADER 00000 a a2200000 04500
001 7211
003
040
100 |a Moreno, Ismael  
245 |a Gobierno formal Gobierno real:   |b ¿qué movimiento social frente a esta contradicción? /  |c Ismael Moreno 
773 |g volumen 6, número 17; páginas 16-21  
999 |c 30225  |d 30225